V kurze je Samuel, Jakub i Diego

Bibliographic Details
Main Author: (mp) (Author)
Format: Article
Language:Slovak
Subjects:

MARC

LEADER 00000nab a2200000 a 4500
001 vtls001494203
003 SK-MaSNL
005 20260303075435.0
008 050216c2005 xo wr|p|||||||000 b|slo
015 |a SNBRB2005  |2 sllk 
038 |a SLLK 
040 |a SLLK  |b slo  |c SLLK  |e AACR2 
041 0 |a slo 
044 |a xo  |c SK 
080 |a 347.189  |2 UDC-MRF-SK2 
100 0 |a (mp)  |4 aut  |9 841174 
245 1 0 |a V kurze je Samuel, Jakub i Diego  |c [autor] (mp) 
650 0 7 |a novorodenci  |2 sllk  |9 1225 
650 0 7 |a osobné mená  |2 sllk  |9 66687 
650 0 7 |a popularita  |2 sllk  |9 1048299 
651 7 |a Stará Ľubovňa (Slovensko)  |2 sllk  |9 19193 
773 0 |t Ľubovnianske noviny  |g Roč. XXXI, č. 3 (2005) s. 3 
852 |a SLLK  |b KIS3GCP 
999 |c 1775813  |d 1777743